Capital gains tax

Bibliographic Details
Main Author: Di Palma, Vera
Format: Book
Published: London : MacDonald&Evans , 1973
Edition:2nd ed.
Series:The M. E. Handbook series
Subjects:

MARC

LEADER 00000cam a2200000 7i4500
001 0000008785
005 20230314.0
040 |a INS 
090 0 0 |a KD5550.Z9   |b D57 1973 
100 1 |a Di Palma, Vera 
245 1 0 |a Capital gains tax   |c Vera Di Palma 
250 |a 2nd ed. 
260 |a London :   |b MacDonald&Evans ,   |c 1973 
300 |a 232p ;   |c 18 cm. 
440 0 |a The M. E. Handbook series 
650 0 0 |a Capital gains tax   |x Law and legislation   |z Great Britain 
650 0 0 |a Taxation 
999 |a 0000022522   |b BOOK   |c Open Shelf   |e Default branch